000 00470nam a2200193 a 4500
001 1764578759428
003 ACL
005 20251201141844.0
008 251201s1998##################000#0#eng##
020 _a0824700813
082 0 4 _a624.15136
_bSHE
100 1 _aShen,
_eauthor.
245 1 0 _aSoil-Machine Interactions :
260 _bCRC Press,
_c1998.
300 _a360 pages
650 0 _aTechnology & Engineering.
942 _cENGLISH
040 _aACL
_beng
_cACL
999 _c599609
_d599609